Dokumenty slovenskej národnej identity a štátnosti. II.

Gespeichert in:
Bibliographische Detailangaben
Format: Buch
Sprache:Slowakisch
Veröffentlicht: Bratislava : Národné literárne centrum, 1998
Ausgabe:1.vyd.
Schlagworte:
Tags: Tag hinzufügen
Keine Tags, Fügen Sie das erste Tag hinzu!

MARC

LEADER 00000nam a22000003a 4500
001 stu77941
005 20150408161638.1
008 021112s1998----xo------------------slo-d
020 |a 80-88878-48-9 
040 |a STU  |b slo 
041 0 |a slo 
044 |a xo 
080 |a 943.76 
245 |a Dokumenty slovenskej národnej identity a štátnosti. II. 
250 |a 1.vyd. 
260 |a Bratislava :  |b Národné literárne centrum,  |c 1998 
300 |a 591 s 
650 7 |a dejiny Slovenska  |2 stusub 
996 |b 284EK84639  |c E*84639  |l EE01  |s A  |a 24  |w stu77941_0001